Economics of the real world
Đã lưu trong:
| 主要作者: | |
|---|---|
| 格式: | 图书 |
| 语言: | Undetermined |
| 出版: |
London
British Broadcasting Corporation and Penguin Books
1973
|
| 主题: | |
| 标签: |
添加标签
没有标签, 成为第一个标记此记录!
|
| Thư viện lưu trữ: | Trung tâm Học liệu Trường Đại học Cần Thơ |
|---|
| LEADER | 00507nam a2200181Ia 4500 | ||
|---|---|---|---|
| 001 | CTU_77475 | ||
| 008 | 210402s9999 xx 000 0 und d | ||
| 082 | |a 330 | ||
| 082 | |b D676 | ||
| 100 | |a Donaldson, Peter | ||
| 245 | 0 | |a Economics of the real world | |
| 245 | 0 | |c Peter Donaldson | |
| 260 | |a London | ||
| 260 | |b British Broadcasting Corporation and Penguin Books | ||
| 260 | |c 1973 | ||
| 650 | |a Economic policy | ||
| 904 | |i Trọng Hải | ||
| 980 | |a Trung tâm Học liệu Trường Đại học Cần Thơ | ||